Miller's comprehensive GAAP guide 1984 : student edition
| Main Author: | |
|---|---|
| Format: | Book |
| Published: |
San Diego, Calif. : :
Harcourt Brace Jovanovich ,
c1984
|
| Subjects: |
MARC
| LEADER | 00000cam a2200000 7i4500 | ||
|---|---|---|---|
| 001 | 0000005239 | ||
| 005 | 20180828093000.0 | ||
| 008 | 021118n | ||
| 020 | |a 07368577 | ||
| 090 | 0 | 0 | |a HF5635 |b .M5 1984 |
| 100 | 0 | |a Miller, Martin A. , |d 1929- , |e author | |
| 245 | 0 | 0 | |a Miller's comprehensive GAAP guide 1984 : |b student edition |c Martin A. Miller |
| 260 | 2 | |a San Diego, Calif. : : |b Harcourt Brace Jovanovich , |c c1984 | |
| 300 | |a 1 v. (various pagings) ; ; |c 22 sm. | ||
| 504 | |a Includes index | ||
| 650 | 0 | |a Accounting | |
| 999 | |a 1000037002 |b Book |c Reference |e Gong Badak Campus | ||